Estadísticas para País más Septentrional por Pista

Haz click aquí para intentar la prueba.

Estadísticas generales

  • Esta prueba ha sido intentada 1.032 veces
  • La puntuación promedio es 11 de 20

Estadísticas de respuestas

El país más septentrional que...LatitudRespuesta% Correcto
tiene el inglés como idioma oficial83.1 °NCanadá
94%
comienza con N80.8 °NNoruega
91%
limita con Alemania57.8 °NDinamarca
83%
tiene tigres viviendo en la naturaleza81.9 °NRusia
83%
está enteramente en islas67.1 °NIslandia
79%
limita con el mar mediterráneo51.1 °NFrancia
59%
tiene el italiano como idioma oficial47.8 °NSuiza
57%
antiguamente era parte de Yugoslavia46.9 °NEslovenia
56%
habla principalmente español (aparte de España)32.7 °NMéxico
54%
no tiene salida al mar56.1 °NBielorrusia
52%
está enteramente en Sudamérica15.8 °NColombia
51%
sin glaciares70.1 °NFinlandia
51%
está en africa37.5 °NTúnez
51%
tiene una mayoría musulmana55.7 °NKazajistán
48%
es un país insular que toca el Caribe23.3 °NCuba
44%
es un país insular en el Pacífico45.5 °NJapón
44%
sin montañas por encima de los 1000 metros59.8 °NEstonia
39%
tiene elefantes salvajes en cualquier lugar de su territorio53.6 °NChina
37%
limita con la República Democrática del Congo12.2 °NSudán del Sur
26%
con cuatro letras en su nombre39.8 °NIrán
21%

Distribución de puntuación

Porcentaje por número respondido

Porcentaje de gente con cada puntuación

Historial de tus puntuaciones

No has intentado esta prueba.